000 00919nam a2200277 a 4500
003 MX-MxUPN
005 20241001063932.0
008 991125s1920 fr fr 001 0 fre d
035 _aUPN01000018412
040 _aMX-MxUPN
_bspa
_cMX-MxUPN
041 _afre
050 4 _aLB1067
_bM3.3 19--
100 1 _aMaucourant, Mlle
_953386
100 1 _aJolly, M.
_953387
245 1 2 _aL'éducation des sens par l'activité :
_bpractique-exercices-résultats
250 _aTroisime édition
_brevue, corrigée et augmentée
260 _aParís :
_bLibrairie classique Fernand Nathan,
_c[1920?].
300 _a183 páginas
504 _aIncluye índice.
650 4 _aNiño, Estudio del
_9221
650 4 _aPsicología educativa
_95197
710 2 _aInstituto Nacional de Investigación Educativa (México)
_epropietario anterior
_928086
902 _bMaríaRobles/010924
905 _aLibro
942 _2lcc
_cLIBRO
_n0
999 _c18412
_d18412